000 00578nam a2200193Ia 4500
003 GCL
008 140319s9999 xx 000 0 ara d
020 _a977
040 _aGCL /
_cGCL
082 0 4 _a814
_bس م
100 1 _aسلامة موسى
245 1 0 _aمقدمة السبرمان /
_cسلامة موسى
260 _aالقاهرة :
_bدار ومطابع المستقبل ،
_c1977
300 _a35 ص ؛
_c19 سم
650 0 4 _aالادب العربى
650 0 4 _aالمقالات العربية
650 0 4 _aالمقالات - مجموعات
942 _2ddc
_cBK
999 _c530
_d530